Normal view
MARC view
- Tughral PhD,Yamin
Entry Personal Name
001 - CONTROL NUMBER
- control field: 537
003 - CONTROL NUMBER IDENTIFIER
- control field: NUST
005 - DATE AND TIME OF LATEST TRANSACTION
- control field: 20170511152346.0
008 - FIXED-LENGTH DATA ELEMENTS
- fixed length control field: 170511|| aca||aabn | a|a d
040 ## - CATALOGING SOURCE
- Original cataloging agency: NUST
- Transcribing agency: NUST
100 ## - HEADING--PERSONAL NAME
- Personal name: Tughral PhD,Yamin
670 ## - SOURCE DATA FOUND
- Source citation: Work cat.: (NUST)24687: Tughral PhD,Yamin , The Evolution of Nuclear Deterrence in South Asian, c2014
